000 00703nam a2200289Ia 4500
005 20260324115625.0
008 008 260324s9999 xx 000 0 eng d
020 _a9781315229782
037 _aEBOOK
040 _aCRL
040 _beng
040 _cCRL
041 _2eng
041 _aeng
084 _qCRL
100 _aGerhard J. Plenert
_91155380
245 0 _aDiscover Excellence
245 3 _bAn Overview of the Shingo Model and Its Guiding Principles
260 _bTaylor and Francis
260 _c2017
365 _a
365 _b76.99
856 _uhttp://www.taylorfrancis.com/books/9781315229782
942 _cEBOOK
999 _c1746389
_d1746389